000
00252nam a2200109 4500
082
_a
001.6424SHU
100
_a
Shukla, R.Y
245
_a
Pascal Programming Lab Work Manual
260
_a
India:
_b
BPB Publications,
_c
1995.
300
_a
517p. ;
942
_c
BK
999
_c
8717
_d
8717